000 01056cam a2200313 a 4500
001 12167590
003 NUST - PNEC
005 20170116181132.0
008 980814s1997 enkab b 001 0beng d
010 _a 00690723
020 _a1853266787
040 _aZQP
_cLIBRARY
_dDLC
043 _ae-fr---
050 0 0 _aDC203
_b.B25 1997
082 0 0 _a944.05092 BAR
_aB
_221
100 1 _aBarnett, Correlli.
245 0 0 _aBonaparte
_cCorrelli Barnett.
260 _aWare, Hertfordshire :
_bWordsworth Editions,
_cc.1997.
300 _a224 p. :
_bill., maps ;
_c24 cm.
440 0 _aWordsworth military library
504 _aIncludes bibliographical references (p. 219) and index.
600 0 0 _aNapoleon
_bI,
_cEmperor of the French,
_d1769-1821.
650 _914025
_aBonaparte
_xGeneral
651 0 _aFrance
_xKings and rulers
_vBiography.
651 0 _aFrance
_xHistory
_y1789-1815.
906 _a7
_bcbc
_corignew
_d2
_encip
_f19
_gy-gencatlg
942 _2ddc
_cBK
999 _c70015
_d70015